| 000 | 01010cam a2200313 i 4500 | ||
|---|---|---|---|
| 999 |
_c200444294 _d62506 |
||
| 001 | 200444294 | ||
| 003 | TR-AnTOB | ||
| 005 | 20220721140430.0 | ||
| 007 | ta | ||
| 008 | 001205s1970 tu 10000 tur d | ||
| 035 | _a(OCoLC)898750179 | ||
| 035 | _a(TR-AnTOB)200444294 | ||
| 040 |
_aSULEY _beng _erda _cSULEY _dTR-AnTOB |
||
| 041 | 0 | _atur | |
| 050 | 4 |
_aHC79.C63 _bT85 1970 |
|
| 090 |
_aHC79.C63 _bT85 1970 |
||
| 111 | 2 |
_aTüketici Sorunları Semineri _d(1970 : _cAnkara) _9133174 |
|
| 245 | 0 | 0 |
_aTüketici sorunları semineri : _b20-22 Mayıs 1970. |
| 264 | 1 |
_aAnkara : _bTicaret Bakanlığı İçticaret Genel Müdürlüğü, _c1970. |
|
| 300 |
_a368 pages ; _c24 cm |
||
| 336 |
_atext _btxt _2rdacontent |
||
| 337 |
_aunmediated _bn _2rdamedia |
||
| 338 |
_avolume _bnc _2rdacarrier |
||
| 650 | 7 |
_aTüketiciler _vKongreler _2etuturkob _9133175 |
|
| 650 | 7 |
_aTüketicinin korunması _zTürkiye _vKongreler _2etuturkob _9133176 |
|
| 942 |
_2lcc _cBK |
||